Contemporary Economics (Record no. 666)

MARC details
005 - DATE AND TIME OF LATEST TRANSACTION
control field 20250314153737.0
020 ## - INTERNATIONAL STANDARD BOOK NUMBER
International Standard Book Number 0-87901-297-8
082 ## - DEWEY DECIMAL CLASSIFICATION NUMBER
Classification number 338.5 SPE
100 ## - MAIN ENTRY--PERSONAL NAME
Author name SPENCER, M. H.
245 ## - TITLE STATEMENT
Title Contemporary Economics
250 ## - EDITION STATEMENT
Edition statement 6th Ed.
260 ## - PUBLICATION, DISTRIBUTION, ETC.
Place of publication, distribution, etc. New York,
Name of publisher, distributor, etc. Worth publishers,
Date of publication, distribution, etc. 1986.
300 ## - PHYSICAL DESCRIPTION
Extent xxvi, 680p.: ill.; graph, picture, table.
Other physical details Index.
Dimensions 24cm.
942 ## - ADDED ENTRY ELEMENTS (KOHA)
Source of classification or shelving scheme Dewey Decimal Classification
Koha item type Books
Holdings
Date last seen Total checkouts Full call number Barcode Cost, replacement price Price effective from Koha item type Lost status Source of classification or shelving scheme Damaged status Not for loan Withdrawn status Home library Current library Shelving location Date acquired Cost, normal purchase price
06/28/2025   330 SPE DOM0003197 60000.00 06/28/2025 Books   Dewey Decimal Classification       CBE Dodoma CBE Dodoma General Collection 03/14/2009 20000.00
03/14/2025   338.5 SPE 0000002663 60000.00 03/14/2025 Books   Dewey Decimal Classification       College of Business Education Main Library College of Business Education Main Library General Collection 03/14/2025 20000.00